Statistiques concernant Personnages Disney

Cliquez ici pour prendre le quiz!

Statistiques générales

  • Ce quiz a été pris 87,128 fois
    (86,334 depuis la dernière actualisation)
  • Le résultat moyen est 18 sur 21

Statistiques - réponses

Description Personnage % Correct
Elle vit avec 7 nainsBlanche Neige
98%
Elle a perdu une chaussure de verreCendrillon
97%
Il se balade sur un tapisAladdin
96%
Elle tombe amoureuse d'une bêteBelle
94%
Elle a suivi le lapin blanc...Alice
94%
Un éléphant qui vole !Dumbo
93%
Une petite sirèneAriel
92%
Elle a sauvé la ChineMulan
92%
Une petite fée blondeLa fée Clochette
92%
Un jeune lionSimba
91%
Un ours qui aime le mielWinnie l'Ourson
89%
Elle a de (très) longs cheveuxRaiponce
89%
Un héro grec très puissantHercule
89%
Elle veut faire un manteau de chiensCruella
86%
Il prend aux riches pour donner aux pauvresRobin des Bois
84%
Un canard qui a une drôle de personnalitéDonald Duck
81%
Il ne veut pas grandirPeter Pan
81%
Il a sorti l'épée de son bloc de pierreArthur
81%
Un garçon dans la jungleMowgli
79%
Elle a dormi 100 ansAurore
77%
Une petite souris...Mickey Mouse
69%

Distribution des résultats

Percentile par nombre de réponses

% des personnes avec chaque résultat

Votre développement - résultats

Vous n’avez pas pris ce quiz depuis la dernière actualisation